01106 a2200157 45000010006000000050017000060080041000230030015000640400040000790800140001192450082002592640126003413000019004675050431004861000031009175931420260407155847.0260407a1982 arg spa dAR-UNSa-BCEJYS aAR-UNSa-BCEJYSbspacAR-UNSa-BCEJYS a338.2(8)xPolítica económica. Control de la economía. gestión de la economía. planificación económica en América Latina10aEvolución y perspectivas de la cooperación financiera en América Latina 1aBuenos Aires :bBID/INTAL (Banco Interamericano de Desarrollo. Instituto para la integración de América Latina)c1982 a147 p.c22 cm. a1. Reseña histórica y modalidades de la cooperación financiera en América Latina – 2. Mecanismos de financiamiento de la inversión – 3. Mecanismos multilaterales de pagos – 4. Mecanismos de apoyo a las balanzas de pagos – 5. Nuevas modalidades de cooperación financiera – 6. La cooperación interinstitucional bancaria – 7. Evaluación y perspectivas de la cooperación financiera latinoamericana - 1 aEchegaray Simonet, Alfredo